000 00761nam a2200229 a 4500
001 48875
003 BD-RjUL
005 20211209054611.0
008 160816s1970 bg ||||| |||| 00| d ben d
020 _c: Tk. 1.50
035 _a(BD-RjUL) 48994
040 _aBD-RjUL
_bben
_cBD-RjUL
041 _aben
082 _223
_a891.442
_bAZB 1970
100 1 _aআজম, এম. এ.
_9147282
245 1 0 _aবিভ্রান্ত অতীত /
_cএম. এ. আজম
260 _aঢাকা :
_bসোসাইটি ফর পাকিস্তান স্টাডিজ,
_c১৯৭০
300 _a৪৪ পৃ. ;
_c২১ সেমি.
650 _aবাংলা নাটক
_9147283
650 _aBengali Drama
_9147284
942 _2ddc
_cBK
999 _c48875
_d48875